000 00271nam a22001217a 4500
008 181024b xxu||||| |||| 00| 0 eng d
041 _aeng
080 _28 ED
_a316
100 _a50
101 _aSOC
245 _aThe Journey Adulthood
_cBatbara.R.B
942 _2udc
_cBK
999 _c50882
_d50882